000 00364pam a2200157a 44500
008 230515b1980 xxu||||| |||| 00| 0 eng d
020 _aNULL
041 _aENGL
082 _a005.7565/ PRA.
100 _aPRAGUE C.N. AND HAMMITT.
245 _aPROGRAMMING WITH DBASE 3
250 _aN.D.
260 _aNULL
_bC.B.S
_c1980
300 _a292 PB
650 _aNULL
999 _c617901
_d617901